The discourses of Lord Buddha / (Record no. 31820)
[ view plain ]
| 000 -LEADER | |
|---|---|
| fixed length control field | 01376nam a22002777a 4500 |
| 005 - DATE AND TIME OF LATEST TRANSACTION | |
| control field | 2009111306196.0 |
| 008 - FIXED-LENGTH DATA ELEMENTS--GENERAL INFORMATION | |
| fixed length control field | 091113t xxu||||| |||| 00| 0 eng d |
| 010 ## - LCCN (DPL NO) | |
| LC control number | ENG-95453 |
| 020 ## - INTERNATIONAL STANDARD BOOK NUMBER | |
| International Standard Book Number | 9788183822022 |
| Terms of availability | 450.00 |
| 035 ## - SYSTEM CONTROL NUMBER | |
| System control number | EN-78986 |
| 037 ## - SOURCE OF ACQUISITION | |
| Source of stock number/acquisition | DBAD/PUB |
| 040 ## - CATALOGING SOURCE | |
| Original cataloging agency | DPL |
| Language of cataloging | eng |
| 082 ## - DEWEY DECIMAL CLASSIFICATION NUMBER | |
| Classification number | 250.51 |
| 245 ## - TITLE STATEMENT | |
| Title | The discourses of Lord Buddha / |
| Statement of responsibility, etc | translated from the Pali by V. Fausball |
| 260 ## - PUBLICATION, DISTRIBUTION, ETC. (IMPRINT) | |
| Place of publication, distribution, etc | New Delhi |
| Name of publisher, distributor, etc | Lotus Press |
| Date of publication, distribution, etc | 2010 |
| 270 ## - ADDRESS | |
| Address | 4263/3, Ansari road, Darya Ganj |
| City | New Delhi |
| Postal code | 110002 |
| 300 ## - PHYSICAL DESCRIPTION | |
| Extent | 222p.: |
| Dimensions | 22 cm.(Hb) |
| Other physical details | ill. |
| 490 ## - SERIES STATEMENT | |
| Series statement | India Bookvarsity; Lotus Choices ; edited by Mahendra Kulasrestha |
| 500 ## - GENERAL NOTE | |
| General note | Reprint. Originally published: Oxford University Press, 1894. (Sacred books of the East ; v. 10) |
| 505 ## - FORMATTED CONTENTS NOTE | |
| Formatted contents note | The snake section (Uragavagga) -- The small section (Chulavagga) -- The large section (Mahavagga) -- The meanings section (Atthakavagga) -- The learning section (Parayana vagga). |
| 700 ## - ADDED ENTRY--PERSONAL NAME | |
| Personal name | Fausball, B. |
| 856 ## - ELECTRONIC LOCATION AND ACCESS | |
| Uniform Resource Identifier | <a href="http://www.loc.gov/catdir/toc/ecip0721/2007025342.html">http://www.loc.gov/catdir/toc/ecip0721/2007025342.html</a> |
| 942 ## - ADDED ENTRY ELEMENTS (KOHA) | |
| Source of classification or shelving scheme | Dewey Decimal Classification |
| Item type | English Books |
| Call number suffix | DIS |
| Withdrawn status | Lost status | Source of classification or shelving scheme | Damaged status | Not for loan | Collection code | Home library | Current library | Date acquired | Source of acquisition | Cost, normal purchase price | Total Checkouts | Full call number | Barcode | Date last seen | Copy number | Cost, replacement price | Koha item type |
|---|---|---|---|---|---|---|---|---|---|---|---|---|---|---|---|---|---|
| Dewey Decimal Classification | Not For Loan | Non-fiction | D.B.Act.Division | D.B.Act.Division | 16/11/2009 | DBAD / PUB | 450.00 | FAU | EN-78986 | 16/11/2009 | 1 | 450.00 | English Books |
